000
00314nam a2200121Ia 4500
008
190216s9999||||xx |||||||||||||| ||und||
100
_a
Arthur I Vogel
245
0
_a
Elementary Practical Organic Chemistry
260
_b
The English Language Book Society
_c
1975
300
_a
431p
650
_a
Chemistry
942
_c
BK
999
_c
2321
_d
2321